Podniková stratégia a finančné rozhodovanie

Analýza vzťahu podnikovej stratégie a finančného rozhodovania z hľadiska expanzie podniku. Nedeliteľná súvislosť medzi podnikovou stratégiou a finančným rozhodovaním. Podnety pre súvzťažnosť podnikovej stratégie a finančného rozhodovania. Význam podnikateľského plánu pre vzťah podnikovej stratégie a...

Full description

Saved in:
Bibliographic Details
Main Author: Majtán, Miroslav
Format: Book Chapter
Language:Slovak
Subjects:
Tags: Add Tag
No Tags, Be the first to tag this record!

MARC

LEADER 00000naa$a2200000$$$4500
001 0043913
005 20240502071520.9
041 0 |a slo 
044 |a SK 
245 1 0 |a Podniková stratégia a finančné rozhodovanie  |c Miroslav Majtán 
520 |a Analýza vzťahu podnikovej stratégie a finančného rozhodovania z hľadiska expanzie podniku. Nedeliteľná súvislosť medzi podnikovou stratégiou a finančným rozhodovaním. Podnety pre súvzťažnosť podnikovej stratégie a finančného rozhodovania. Význam podnikateľského plánu pre vzťah podnikovej stratégie a finančného rozhodovania. Typológia financovania podnikových stratégií - štyri typy financovania, podkladom ktorých sú strategické opatrenia: financovanie rastu, investícií, akvizícií, projektov. Všetky štyri sú spojené s rastovými stratégiami. 
610 2 0 |a stratégia podniková 
610 2 0 |a financovanie 
610 2 0 |a typológia 
610 2 0 |a rozhodovanie finančné 
610 2 0 |a kapitál podnikový 
100 1 |a Majtán, Miroslav